00245 a2200109 4500001000700000020000600007040001100013100003900024240003400063245002900097362000900126177788 a  cMagnum aCamara Municipal de Belo Horizonte10aO legislativo e a cidadelpor10aO legislativo e a cidade0 a1899